000 00294nam a2200121Ia 4500
008 190216s9999||||xx |||||||||||||| ||und||
100 _aAtkinson
245 3 _aAn Introduction To Numerical Analysis
260 _bJohn Wiley & Sons
_c1978
300 _a587
650 _aMathematics
942 _cBK
999 _c30614
_d30614